| 000 -LEADER |
| fixed length control field |
04036cam a22005297a 4500 |
| 001 - CONTROL NUMBER |
| control field |
16929603 |
| 003 - CONTROL NUMBER IDENTIFIER |
| control field |
Nust |
| 005 - DATE AND TIME OF LATEST TRANSACTION |
| control field |
20170426134953.0 |
| 008 - FIXED-LENGTH DATA ELEMENTS--GENERAL INFORMATION |
| fixed length control field |
110820s2009 dcua b 000 0 eng c |
| 010 ## - LIBRARY OF CONGRESS CONTROL NUMBER |
| LC control number |
2009937432 |
| Canceled/invalid LC control number |
2011290883 |
| 020 ## - INTERNATIONAL STANDARD BOOK NUMBER |
| International Standard Book Number |
0309137128 (pbk. : alk. paper) |
| 020 ## - INTERNATIONAL STANDARD BOOK NUMBER |
| International Standard Book Number |
9780309137126 (pbk. : alk. paper) |
| 035 ## - SYSTEM CONTROL NUMBER |
| System control number |
(OCoLC)ocn402275958 |
| 040 ## - CATALOGING SOURCE |
| Original cataloging agency |
YDXCP |
| Transcribing agency |
YDXCP |
| Modifying agency |
BTCTA |
| -- |
TXA |
| -- |
NTD |
| -- |
BWX |
| -- |
UBY |
| -- |
CDX |
| -- |
AGL |
| -- |
IXA |
| -- |
VRC |
| -- |
DEBBG |
| -- |
DLC |
| 042 ## - AUTHENTICATION CODE |
| Authentication code |
pcc |
| 043 ## - GEOGRAPHIC AREA CODE |
| Geographic area code |
n-us--- |
| 050 00 - LIBRARY OF CONGRESS CALL NUMBER |
| Classification number |
TP343 |
| Item number |
.L6795 2009 |
| 070 0# - NATIONAL AGRICULTURAL LIBRARY CALL NUMBER |
| Classification number |
TP343 |
| Item number |
.L6795 2009 |
| 082 ## - DEWEY DECIMAL CLASSIFICATION NUMBER |
| Classification number |
577 NRC |
| 245 00 - TITLE STATEMENT |
| Title |
Liquid transportation fuels from coal and biomass : |
| Remainder of title |
technological status, costs, and environmental impacts / |
| Statement of responsibility, etc. |
America's Energy Future Panel on Alternative Liquid Transportation Fuels, National Academy of Sciences, National Academy of Engineering, National Research Council of the National Acadamies. |
| 260 ## - PUBLICATION, DISTRIBUTION, ETC. |
| Place of publication, distribution, etc. |
Washington, D.C. : |
| Name of publisher, distributor, etc. |
National Academies Press, |
| Date of publication, distribution, etc. |
c2009. |
| 300 ## - PHYSICAL DESCRIPTION |
| Extent |
xvii, 370 p. : |
| Other physical details |
ill. (chiefly col.) ; |
| Dimensions |
26 cm. |
| 490 1# - SERIES STATEMENT |
| Series statement |
America's energy future series |
| 504 ## - BIBLIOGRAPHY, ETC. NOTE |
| Bibliography, etc. note |
Includes bibliographical references. |
| 505 0# - FORMATTED CONTENTS NOTE |
| Formatted contents note |
Liquid fuels for transportation -- Biomass resources for liquid transportation fuels -- Biochemical conversion of biomass -- Thermochemical conversion of coal and biomass -- Distribution -- Comparison of options and market penetration -- Overall findings and recommendations -- Key challenges to commercial deployment -- Other alternative fuel options. |
| 520 ## - SUMMARY, ETC. |
| Summary, etc. |
"The transportation sector cannot continue on its current path: The volatility of oil prices threatens the U.S. economy, the large proportion of oil importation threatens U.S. energy security, and the massive contribution of greenhouse gases threatens the environment. The development of domestic sources of alternative transportation fuels with lower greenhouse emissions is now a national imperative. Coal and biomass are in abundant supply in the United States and can be converted to liquid fuels that can be combusted in existing and future vehicles. Their abundant supply makes them attractive candidates to provide non-oil-based liquid fuels to the U.S. transportation system. However, there are important questions about the economic viability, carbon impact, and technology status of these options. Liquid Transportation Fuels from Coal and Biomass provides a snapshot of the potential costs of liquid fuels from biomass by biochemical conversion and from biomass and coal by thermochemical conversion. Policy makers, investors, leaders in industry, the transportation sector, and others with a concern for the environment, economy, and energy security will look to this book as a roadmap to independence from foreign oil. With immediate action and sustained effort, alternative liquid fuels can be available in the 2020 time frame, if or when the nation needs them"--Back cover. |
| 650 #0 - SUBJECT ADDED ENTRY--TOPICAL TERM |
| Topical term or geographic name entry element |
Liquid fuels |
| General subdivision |
Technological innovations |
| Geographic subdivision |
United States. |
| 650 #0 - SUBJECT ADDED ENTRY--TOPICAL TERM |
| Topical term or geographic name entry element |
Liquid fuels |
| General subdivision |
Environmental aspects |
| Geographic subdivision |
United States. |
| 650 #0 - SUBJECT ADDED ENTRY--TOPICAL TERM |
| Topical term or geographic name entry element |
Synthetic fuels |
| General subdivision |
Technological innovations |
| Geographic subdivision |
United States. |
| 650 #0 - SUBJECT ADDED ENTRY--TOPICAL TERM |
| Topical term or geographic name entry element |
Gasoline |
| General subdivision |
Technological innovations |
| Geographic subdivision |
United States. |
| 650 #0 - SUBJECT ADDED ENTRY--TOPICAL TERM |
| Topical term or geographic name entry element |
Motor fuels |
| Geographic subdivision |
United States. |
| 650 #0 - SUBJECT ADDED ENTRY--TOPICAL TERM |
| Topical term or geographic name entry element |
Biomass energy |
| Geographic subdivision |
United States. |
| 650 #0 - SUBJECT ADDED ENTRY--TOPICAL TERM |
| Topical term or geographic name entry element |
Energy policy |
| Geographic subdivision |
United States. |
| 650 #0 - SUBJECT ADDED ENTRY--TOPICAL TERM |
| Topical term or geographic name entry element |
Energy conservation |
| Geographic subdivision |
United States. |
| 650 #0 - SUBJECT ADDED ENTRY--TOPICAL TERM |
| Topical term or geographic name entry element |
Fuel switching |
| Geographic subdivision |
United States. |
| 650 07 - SUBJECT ADDED ENTRY--TOPICAL TERM |
| Topical term or geographic name entry element |
Bioenergie. |
| Source of heading or term |
swd |
| 650 07 - SUBJECT ADDED ENTRY--TOPICAL TERM |
| Topical term or geographic name entry element |
Energiepolitik. |
| Source of heading or term |
swd |
| 650 07 - SUBJECT ADDED ENTRY--TOPICAL TERM |
| Topical term or geographic name entry element |
Flüssiger Brennstoff. |
| Source of heading or term |
swd |
| 650 07 - SUBJECT ADDED ENTRY--TOPICAL TERM |
| Topical term or geographic name entry element |
Kohle. |
| Source of heading or term |
swd |
| 650 07 - SUBJECT ADDED ENTRY--TOPICAL TERM |
| Topical term or geographic name entry element |
Transport. |
| Source of heading or term |
swd |
| 651 #7 - SUBJECT ADDED ENTRY--GEOGRAPHIC NAME |
| Geographic name |
USA. |
| Source of heading or term |
swd |
| 710 2# - ADDED ENTRY--CORPORATE NAME |
| Corporate name or jurisdiction name as entry element |
National Academy of Sciences (U.S.) |
| 710 2# - ADDED ENTRY--CORPORATE NAME |
| Corporate name or jurisdiction name as entry element |
National Academy of Engineering. |
| 710 2# - ADDED ENTRY--CORPORATE NAME |
| Corporate name or jurisdiction name as entry element |
National Academies Press (U.S.) |
| 710 2# - ADDED ENTRY--CORPORATE NAME |
| Corporate name or jurisdiction name as entry element |
National Research Council (U.S.). |
| Subordinate unit |
Panel on Alternative Liquid Transportation Fuels. |
| 830 #0 - SERIES ADDED ENTRY--UNIFORM TITLE |
| Uniform title |
America's energy future series. |
| 906 ## - LOCAL DATA ELEMENT F, LDF (RLIN) |
| a |
7 |
| b |
cbc |
| c |
pccadap |
| d |
2 |
| e |
epcn |
| f |
20 |
| g |
y-gencatlg |
| 942 ## - ADDED ENTRY ELEMENTS (KOHA) |
| Source of classification or shelving scheme |
|
| Koha item type |
Book |